000 00570nam a2200193Ia 4500
003 OSt
005 20260202121653.0
008 210210b1931 xxu||||| |||| 00| 0 eng d
040 _cAL
041 _akan
082 _a852/704
100 _aSHRINIVASA
_9160404
_dಶ್ರೀನಿವಾಸ
245 _aKarnatakada janateya samskrati:
_bಕರ್ನಾಟಕದ ಜನತೆಯ ಸಂಸ್ಕ್ರತಿ
260 _aBengaluru
_bSatyashodhana Prakatana Mandira
_c1931
300 _a58
690 _aKannada Prose
_9160405
906 _a019269
942 _2ddc
_cBK
999 _c143389
_d143389